[Event "Tournoi International du Pays de Charleroi 2018"]
[Site "Roux, Belgium"]
[Date "2018.07.30"]
[Round "3.20"]
[White "Maddens, Martijn"]
[Black "De Weird, Matthias"]
[Result "1-0"]
[WhiteElo "2141"]
[BlackElo "1962"]

1. e4 {[%clk 01:30:57]} {[%emt 00:00:02]} e5 {[%clk 01:30:52]} {[%emt
00:00:08]} 2. Nf3 {[%clk 01:31:20]} {[%emt 00:00:07]} Nc6 {[%clk 01:31:18]}
{[%emt 00:00:05]} 3. Bc4 {[%clk 01:31:46]} {[%emt 00:00:03]} Bc5 {[%clk
01:31:41]} {[%emt 00:00:07]} 4. c3 {[%clk 01:32:12]} {[%emt 00:00:04]} Nf6
{[%clk 01:32:04]} {[%emt 00:00:06]} 5. d3 {[%clk 01:32:37]} {[%emt 00:00:06]}
a6 {[%clk 01:32:21]} {[%emt 00:00:13]} 6. O-O {[%clk 01:32:45]} {[%emt
00:00:21]} d6 {[%clk 01:32:37]} {[%emt 00:00:15]} 7. Bb3 {[%clk 01:32:19]}
{[%emt 00:00:56]} O-O {[%clk 01:32:20]} {[%emt 00:00:47]} 8. Re1 {[%clk
01:32:03]} {[%emt 00:00:45]} Re8 {[%clk 01:29:17]} {[%emt 00:03:34]} 9. Nbd2
{[%clk 01:25:15]} {[%emt 00:07:18]} b5 {[%clk 01:15:06]} {[%emt 00:14:41]} 10.
Nf1 {[%clk 01:23:51]} {[%emt 00:01:53]} d5 {[%clk 01:08:22]} {[%emt 00:07:15]}
11. exd5 {[%clk 01:23:01]} {[%emt 00:01:20]} Nxd5 {[%clk 01:06:04]} {[%emt
00:02:49]} 12. d4 {[%clk 01:23:11]} {[%emt 00:00:18]} Bf8 {[%clk 01:01:55]}
{[%emt 00:04:39]} 13. dxe5 {[%clk 01:21:33]} {[%emt 00:02:09]} Nb6 {[%clk
01:01:04]} {[%emt 00:01:21]} 14. Ng5 {[%clk 01:11:58]} {[%emt 00:10:04]} Qxd1
{[%clk 00:58:47]} {[%emt 00:02:48]} 15. Bxf7+ {[%clk 01:12:18]} {[%emt
00:00:10]} Kh8 {[%clk 00:59:11]} {[%emt 00:00:06]} 16. Rxd1 {[%clk 01:12:42]}
{[%emt 00:00:05]} Rxe5 {[%clk 00:59:13]} {[%emt 00:00:29]} 17. Bb3 {[%clk
01:12:54]} {[%emt 00:00:17]} 1-0

[Event "Tournoi International du Pays de Charleroi 2018"]
[Site "Roux, Belgium"]
[Date "2018.07.30"]
[Round "3.23"]
[White "Timmermans, Daniel"]
[Black "De Villers, Mourad"]
[Result "1/2-1/2"]
[WhiteElo "1908"]
[BlackElo "2117"]

1. d4 {[%clk 01:30:46]} {[%emt 00:00:12]} Nf6 {[%clk 01:30:48]} {[%emt
00:00:12]} 2. c4 {[%clk 01:30:56]} {[%emt 00:00:21]} g6 {[%clk 01:31:06]}
{[%emt 00:00:11]} 3. Nc3 {[%clk 01:31:15]} {[%emt 00:00:12]} Bg7 {[%clk
01:30:30]} {[%emt 00:01:05]} 4. e4 {[%clk 01:31:28]} {[%emt 00:00:17]} d6
{[%clk 01:30:51]} {[%emt 00:00:09]} 5. f4 {[%clk 01:31:40]} {[%emt 00:00:18]}
O-O {[%clk 01:31:00]} {[%emt 00:00:21]} 6. Nf3 {[%clk 01:31:33]} {[%emt
00:00:36]} c5 {[%clk 01:30:52]} {[%emt 00:00:40]} 7. dxc5 {[%clk 01:31:19]}
{[%emt 00:00:45]} Qa5 {[%clk 01:30:21]} {[%emt 00:01:00]} 8. Bd3 {[%clk
01:30:42]} {[%emt 00:01:07]} Qxc5 {[%clk 01:28:35]} {[%emt 00:02:16]} 9. Qe2
{[%clk 01:30:39]} {[%emt 00:00:33]} Nc6 {[%clk 01:24:36]} {[%emt 00:04:28]} 10.
Be3 {[%clk 01:29:55]} {[%emt 00:01:14]} Qa5 {[%clk 01:24:41]} {[%emt 00:00:26]}
11. O-O {[%clk 01:28:45]} {[%emt 00:01:40]} Bg4 {[%clk 01:01:15]} {[%emt
00:23:56]} 12. Rac1 {[%clk 01:26:06]} {[%emt 00:03:09]} Nd7 {[%clk 00:56:40]}
{[%emt 00:05:05]} 13. Qf2 {[%clk 01:25:39]} {[%emt 00:00:57]} Bxf3 {[%clk
00:53:31]} {[%emt 00:03:39]} 14. gxf3 {[%clk 01:26:04]} {[%emt 00:00:05]} Nc5
{[%clk 00:51:10]} {[%emt 00:02:51]} 15. Bb1 {[%clk 01:26:21]} {[%emt 00:00:13]}
Na4 {[%clk 00:43:43]} {[%emt 00:07:56]} 16. Nxa4 {[%clk 01:24:59]} {[%emt
00:01:52]} Qxa4 {[%clk 00:43:09]} {[%emt 00:01:04]} 17. Kh1 {[%clk 01:22:40]}
{[%emt 00:02:49]} Rfc8 {[%clk 00:41:28]} {[%emt 00:02:11]} 18. Rfd1 {[%clk
01:17:58]} {[%emt 00:05:12]} b5 {[%clk 00:37:49]} {[%emt 00:04:09]} 19. b3
{[%clk 01:13:31]} {[%emt 00:04:57]} Qa6 {[%clk 00:24:19]} {[%emt 00:14:00]} 20.
Rd5 {[%clk 01:00:32]} {[%emt 00:13:29]} bxc4 {[%clk 00:21:06]} {[%emt
00:03:45]} 21. Rxc4 {[%clk 00:59:45]} {[%emt 00:01:16]} Nd8 {[%clk 00:20:34]}
{[%emt 00:01:01]} 22. Ra4 {[%clk 00:50:01]} {[%emt 00:10:15]} Qc6 {[%clk
00:18:03]} {[%emt 00:03:00]} 23. Rd1 {[%clk 00:50:02]} {[%emt 00:00:29]} Ne6
{[%clk 00:13:58]} {[%emt 00:04:35]} 24. Rc4 {[%clk 00:45:16]} {[%emt 00:05:17]}
Qb7 {[%clk 00:11:47]} {[%emt 00:02:40]} 25. Rdc1 {[%clk 00:45:27]} {[%emt
00:00:19]} Rxc4 {[%clk 00:11:30]} {[%emt 00:00:46]} 26. Rxc4 {[%clk 00:45:44]}
{[%emt 00:00:13]} Rc8 {[%clk 00:11:32]} {[%emt 00:00:28]} 27. Bd3 {[%clk
00:39:56]} {[%emt 00:06:20]} Rxc4 {[%clk 00:09:04]} {[%emt 00:02:58]} 28. Bxc4
{[%clk 00:40:02]} {[%emt 00:00:23]} a5 {[%clk 00:08:08]} {[%emt 00:01:27]} 29.
a4 {[%clk 00:39:16]} {[%emt 00:01:16]} Qb4 {[%clk 00:06:22]} {[%emt 00:02:15]}
30. Qd2 {[%clk 00:30:12]} {[%emt 00:09:34]} Bc3 {[%clk 00:04:00]} {[%emt
00:02:52]} 31. Qd5 {[%clk 00:30:08]} {[%emt 00:00:33]} Bf6 {[%clk 00:01:50]}
{[%emt 00:02:41]} 32. Qd2 {[%clk 00:07:12]} {[%emt 00:23:27]} Bc3 {[%clk
00:02:00]} {[%emt 00:00:20]} 33. Qd5 {[%clk 00:06:20]} {[%emt 00:01:21]} Bf6
{[%clk 00:02:20]} {[%emt 00:00:10]} 34. Qd2 {[%emt 00:03:47]} 1/2-1/2

[Event "Tournoi International du Pays de Charleroi 2018"]
[Site "Roux, Belgium"]
[Date "2018.07.30"]
[Round "3.19"]
[White "Russian, Carlo"]
[Black "Roos, David"]
[Result "1/2-1/2"]
[WhiteElo "1992"]
[BlackElo "2142"]

1. d4 {[%clk 01:30:46]} {[%emt 00:00:14]} Nf6 {[%clk 01:30:54]} {[%emt
00:00:07]} 2. Nf3 {[%clk 01:31:12]} {[%emt 00:00:03]} g6 {[%clk 01:31:11]}
{[%emt 00:00:13]} 3. Bf4 {[%clk 01:31:35]} {[%emt 00:00:07]} Bg7 {[%clk
01:31:36]} {[%emt 00:00:06]} 4. e3 {[%clk 01:32:01]} {[%emt 00:00:03]} d6
{[%clk 01:32:00]} {[%emt 00:00:06]} 5. Be2 {[%clk 01:32:27]} {[%emt 00:00:03]}
O-O {[%clk 01:32:13]} {[%emt 00:00:17]} 6. O-O {[%clk 01:32:53]} {[%emt
00:00:05]} c5 {[%clk 01:32:39]} {[%emt 00:00:04]} 7. c3 {[%clk 01:32:50]}
{[%emt 00:00:33]} Be6 {[%clk 01:31:40]} {[%emt 00:01:29]} 8. h3 {[%clk
01:28:46]} {[%emt 00:04:33]} Nc6 {[%clk 01:31:32]} {[%emt 00:00:39]} 9. Nbd2
{[%clk 01:28:11]} {[%emt 00:01:05]} Qb6 {[%clk 01:31:56]} {[%emt 00:00:07]} 10.
Qc2 {[%clk 01:18:59]} {[%emt 00:09:41]} Rac8 {[%clk 01:31:31]} {[%emt
00:00:55]} 11. dxc5 {[%clk 01:18:48]} {[%emt 00:00:41]} Qxc5 {[%clk 01:27:04]}
{[%emt 00:04:57]} 12. Nb3 {[%clk 01:14:04]} {[%emt 00:05:14]} Qb6 {[%clk
01:24:56]} {[%emt 00:02:38]} 13. e4 {[%clk 01:14:11]} {[%emt 00:00:22]} a6
{[%clk 01:16:59]} {[%emt 00:08:28]} 14. Be3 {[%clk 01:14:09]} {[%emt 00:00:32]}
Qc7 {[%clk 01:17:25]} {[%emt 00:00:04]} 15. Nbd4 {[%clk 00:59:04]} {[%emt
00:15:35]} Bd7 {[%clk 01:16:25]} {[%emt 00:01:28]} 16. a4 {[%clk 00:50:35]}
{[%emt 00:09:00]} e5 {[%clk 01:08:32]} {[%emt 00:08:24]} 17. Nxc6 {[%clk
00:50:54]} {[%emt 00:00:11]} Bxc6 {[%clk 01:09:00]} {[%emt 00:00:02]} 18. Nd2
{[%clk 00:50:17]} {[%emt 00:01:07]} d5 {[%clk 01:07:22]} {[%emt 00:02:08]} 19.
Bd3 {[%clk 00:45:59]} {[%emt 00:04:47]} Rfe8 {[%clk 01:03:35]} {[%emt
00:04:17]} 20. Kh1 {[%clk 00:44:54]} {[%emt 00:01:35]} Kh8 {[%clk 00:50:23]}
{[%emt 00:13:42]} 21. Rfe1 {[%clk 00:37:18]} {[%emt 00:08:06]} Nh5 {[%clk
00:44:40]} {[%emt 00:06:13]} 22. Be2 {[%clk 00:36:02]} {[%emt 00:01:46]} d4
{[%clk 00:36:52]} {[%emt 00:08:19]} 23. Bg5 {[%clk 00:30:15]} {[%emt 00:06:17]}
dxc3 {[%clk 00:33:39]} {[%emt 00:03:43]} 24. Qxc3 {[%clk 00:29:32]} {[%emt
00:01:13]} Nf4 {[%clk 00:34:01]} {[%emt 00:00:07]} 25. Bf3 {[%clk 00:10:19]}
{[%emt 00:19:44]} h6 {[%clk 00:24:21]} {[%emt 00:10:10]} 26. Bxf4 {[%clk
00:09:17]} {[%emt 00:01:32]} exf4 {[%clk 00:24:42]} {[%emt 00:00:08]} 27. Qb4
{[%clk 00:09:25]} {[%emt 00:00:22]} Rcd8 {[%clk 00:21:28]} {[%emt 00:03:45]} 28.
Re2 {[%clk 00:07:15]} {[%emt 00:02:40]} Rd4 {[%clk 00:21:30]} {[%emt 00:00:28]}
29. Qc5 {[%clk 00:06:49]} {[%emt 00:00:56]} Red8 {[%clk 00:18:02]} {[%emt
00:03:57]} 30. Nc4 {[%clk 00:06:45]} {[%emt 00:00:34]} Bf8 {[%clk 00:16:07]}
{[%emt 00:02:25]} 31. Qe5 {[%clk 00:06:46]} {[%emt 00:00:30]} Qxe5 {[%clk
00:16:35]} {[%emt 00:00:02]} 32. Nxe5 {[%clk 00:07:10]} {[%emt 00:00:05]} Be8
{[%clk 00:17:04]} {[%emt 00:00:01]} 33. Rc2 {[%clk 00:05:58]} {[%emt 00:01:42]}
Bg7 {[%clk 00:16:29]} {[%emt 00:01:06]} 34. Nc4 {[%clk 00:03:09]} {[%emt
00:03:19]} Rc8 {[%clk 00:16:30]} {[%emt 00:00:29]} 35. Rac1 {[%clk 00:03:28]}
{[%emt 00:00:11]} Bxa4 {[%clk 00:16:38]} {[%emt 00:00:22]} 36. Rc3 {[%clk
00:03:49]} {[%emt 00:00:09]} Be8 {[%clk 00:13:11]} {[%emt 00:03:58]} 37. e5
{[%clk 00:03:40]} {[%emt 00:00:37]} Bc6 {[%clk 00:06:08]} {[%emt 00:07:34]} 38.
Na5 {[%clk 00:03:10]} {[%emt 00:01:01]} Rb4 {[%clk 00:02:40]} {[%emt 00:03:58]}
39. Bxc6 {[%clk 00:01:09]} {[%emt 00:02:31]} bxc6 {[%clk 00:02:10]} {[%emt
00:00:59]} 40. Rxc6 {[%clk 00:00:33]} {[%emt 00:01:06]} Rxc6 {[%clk 00:02:33]}
{[%emt 00:00:07]} 41. Rxc6 {[%clk 00:29:38]} {[%emt 00:01:25]} Bxe5 {[%clk
00:28:41]} {[%emt 00:04:21]} 42. b3 {[%clk 00:29:32]} {[%emt 00:00:36]} Re4
{[%clk 00:24:13]} {[%emt 00:04:59]} 43. Rc1 {[%clk 00:25:21]} {[%emt 00:04:41]}
Re2 {[%clk 00:23:57]} {[%emt 00:00:46]} 44. f3 {[%clk 00:25:46]} {[%emt
00:00:05]} Bd4 {[%clk 00:23:37]} {[%emt 00:00:49]} 45. Nc6 {[%clk 00:24:52]}
{[%emt 00:01:24]} Bf2 {[%clk 00:24:00]} {[%emt 00:00:07]} 46. Nb4 {[%clk
00:24:00]} {[%emt 00:01:23]} Re6 {[%clk 00:20:22]} {[%emt 00:04:08]} 47. Ra1
{[%clk 00:22:26]} {[%emt 00:02:04]} Bd4 {[%clk 00:20:50]} {[%emt 00:00:02]} 48.
Rd1 {[%clk 00:22:08]} {[%emt 00:00:48]} Bc5 {[%clk 00:19:55]} {[%emt 00:01:24]}
49. Nd3 {[%clk 00:20:21]} {[%emt 00:02:17]} Be3 {[%clk 00:20:00]} {[%emt
00:00:25]} 50. Ra1 {[%clk 00:19:32]} {[%emt 00:01:19]} g5 {[%clk 00:16:50]}
{[%emt 00:03:41]} 51. b4 {[%clk 00:18:04]} {[%emt 00:01:58]} Rb6 {[%clk
00:13:41]} {[%emt 00:03:38]} 52. Nc5 {[%clk 00:17:16]} {[%emt 00:01:19]} Bxc5
{[%clk 00:13:21]} {[%emt 00:00:50]} 53. bxc5 {[%clk 00:17:44]} {[%emt
00:00:02]} Rc6 {[%clk 00:13:45]} {[%emt 00:00:06]} 54. h4 {[%clk 00:17:22]}
{[%emt 00:00:51]} Kg7 {[%clk 00:13:49]} {[%emt 00:00:26]} 55. Kh2 {[%clk
00:15:51]} {[%emt 00:02:01]} Kg6 {[%clk 00:13:35]} {[%emt 00:00:44]} 56. hxg5
{[%clk 00:16:05]} {[%emt 00:00:17]} hxg5 {[%clk 00:13:59]} {[%emt 00:00:05]} 57.
Rb1 {[%clk 00:16:29]} {[%emt 00:00:06]} Rxc5 {[%clk 00:09:17]} {[%emt
00:05:13]} 58. Rb6+ {[%clk 00:16:43]} {[%emt 00:00:16]} Kh5 {[%clk 00:09:39]}
{[%emt 00:00:07]} 59. Rxa6 {[%clk 00:17:08]} {[%emt 00:00:05]} f5 {[%clk
00:10:02]} {[%emt 00:00:08]} 60. Ra8 {[%clk 00:16:25]} {[%emt 00:01:13]} Rc6
{[%clk 00:10:20]} {[%emt 00:00:11]} 61. Rf8 {[%clk 00:16:10]} {[%emt 00:00:45]}
Rh6 {[%clk 00:07:05]} {[%emt 00:03:45]} 62. Rg8 {[%clk 00:14:52]} {[%emt
00:01:48]} g4 {[%clk 00:06:59]} {[%emt 00:00:36]} 63. g3 {[%clk 00:10:35]}
{[%emt 00:04:47]} gxf3 {[%clk 00:04:08]} {[%emt 00:03:21]} 64. gxf4 {[%clk
00:11:02]} {[%emt 00:00:04]} Rg6 {[%clk 00:04:34]} {[%emt 00:00:04]} 65. Rxg6
{[%clk 00:11:05]} {[%emt 00:00:27]} Kxg6 {[%clk 00:05:02]} {[%emt 00:00:02]} 66.
Kg3 {[%clk 00:11:26]} {[%emt 00:00:09]} Kh5 {[%clk 00:05:27]} {[%emt 00:00:05]}
67. Kxf3 {[%clk 00:11:38]} {[%emt 00:00:18]} Kh4 {[%clk 00:05:44]} {[%emt
00:00:13]} 68. Kf2 {[%clk 00:12:04]} {[%emt 00:00:04]} Kg4 {[%clk 00:04:56]}
{[%emt 00:01:18]} 69. Kg2 {[%clk 00:12:29]} {[%emt 00:00:05]} Kxf4 {[%clk
00:05:04]} {[%emt 00:00:21]} 70. Kf2 {[%clk 00:12:56]} {[%emt 00:00:03]} Ke4
{[%clk 00:05:21]} {[%emt 00:00:13]} 71. Ke2 {[%clk 00:13:22]} {[%emt 00:00:04]}
f4 {[%clk 00:05:48]} {[%emt 00:00:03]} 72. Kf2 {[%clk 00:13:50]} {[%emt
00:00:03]} f3 {[%clk 00:06:12]} {[%emt 00:00:06]} 73. Kf1 {[%clk 00:14:16]}
{[%emt 00:00:04]} Ke3 {[%clk 00:06:36]} {[%emt 00:00:05]} 74. Ke1 {[%clk
00:14:42]} {[%emt 00:00:04]} f2+ {[%clk 00:07:03]} {[%emt 00:00:03]} 75. Kf1
{[%clk 00:15:10]} {[%emt 00:00:02]} Kf3 {[%clk 00:07:30]} {[%emt 00:00:03]}
1/2-1/2